[Event "Teteven op 31st"]
[Site "Teteven"]
[Date "2016.08.18"]
[Round "6"]
[White "Tsolov, Emil"]
[Black "Kosturkov, Krasimir"]
[Result "0-1"]
[WhiteElo "1927"]
[BlackElo "1650"]
[PlyCount "68"]
[EventDate "2016.08.13"]
[EventType "swiss"]
[EventRounds "9"]
[EventCountry "BUL"]
[SourceTitle "CBM 173 Extra"]
[Source "ChessBase"]
[SourceDate "2016.08.29"]
[SourceVersion "1"]
[SourceVersionDate "2016.08.29"]
[SourceQuality "1"]

1. e4 c5 2. Nf3 Nc6 3. d4 cxd4 4. Nxd4 Nf6 5. Nc3 e5 6. Ndb5 d6 7. Bg5 a6 8. Na3 b5 9. Naxb5 axb5 10. Bxb5 Bb7 11. Nd5 Be7 12. 0-0 0-0 13. Bxf6 Bxf6 14. c3 Bg5 15. Qg4 h6 16. a4 Ne7 17. h4 f5 18. exf5 Nxd5 19. hxg5 Qxg5 20. Qxg5 hxg5 21. Bd7 Bc8 22. Bc6 Nb6 23. Bxa8 Nxa8 24. Rad1 Rf6 25. g4 g6 26. fxg6 Bxg4 27. f3 Bxf3 28. Rxf3 Rxf3 29. Rxd6 Nc7 30. Rc6 Nd5 31. Rc5 Rd3 32. c4 Ne3 33. Rxe5 Rd1+ 34. Kf2 Ng4+ 0-1

[Event "Teteven op 31st"]
[Site "Teteven"]
[Date "2016.08.13"]
[Round "1"]
[White "Kosturkov, Krasimir"]
[Black "Monev, Aleksandar"]
[Result "1/2-1/2"]
[WhiteElo "1650"]
[BlackElo "2167"]
[PlyCount "81"]
[EventDate "2016.08.13"]
[EventType "swiss"]
[EventRounds "9"]
[EventCountry "BUL"]
[SourceTitle "CBM 173 Extra"]
[Source "ChessBase"]
[SourceDate "2016.08.29"]
[SourceVersion "1"]
[SourceVersionDate "2016.08.29"]
[SourceQuality "1"]

1. e4 c5 2. f4 Nc6 3. Nf3 g6 4. Bb5 Qc7 5. d3 Bg7 6. c3 e6 7. 0-0 Nge7 8. Be3 a6 9. Ba4 b5 10. Bc2 d6 11. a3 0-0 12. d4 cxd4 13. Nxd4 d5 14. e5 f6 15. Nxc6 Nxc6 16. exf6 Bxf6 17. Nd2 Bb7 18. Nf3 Rad8 19. Qd2 e5 20. fxe5 Nxe5 21. Nxe5 Bxe5 22. h3 Qc4 23. Rxf8+ Rxf8 24. Bd3 Qh4 25. Rf1 Re8 26. Qf2 Qxf2+ 27. Bxf2 Bc6 28. Bd4 Bxd4+ 29. cxd4 Re3 30. Rd1 Kf7 31. Kf2 Re6 32. Re1 Rxe1 33. Kxe1 Kf6 34. g3 Bd7 35. h4 Bf5 36. Be2 Be4 37. g4 Ke6 38. Kd2 Kd6 39. Ke3 Ke6 40. Kf4 h6 41. b4 1/2-1/2

[Event "Stara Zagora Beroe op 4th"]
[Site "Stara Zagora"]
[Date "2016.05.15"]
[Round "5"]
[White "Kosturkov, Krasimir"]
[Black "Kirilov, Ivaylo"]
[Result "1/2-1/2"]
[WhiteElo "1624"]
[BlackElo "1861"]
[PlyCount "146"]
[EventDate "2016.05.14"]
[EventType "swiss"]
[EventRounds "6"]
[EventCountry "BUL"]
[SourceTitle "CBM 172 Extra"]
[Source "ChessBase"]
[SourceDate "2016.06.21"]
[SourceVersion "1"]
[SourceVersionDate "2016.06.21"]
[SourceQuality "1"]

1. e4 e5 2. Nc3 Nc6 3. Bc4 Nf6 4. d3 Bc5 5. Nf3 d6 6. h3 h6 7. 0-0 0-0 8. Na4 Bb6 9. Nxb6 axb6 10. a3 Be6 11. Bxe6 fxe6 12. c3 Qe8 13. Be3 Nh5 14. g3 Nf6 15. Kg2 g5 16. Nh2 Qg6 17. Ng4 Nd7 18. Qe2 Rf7 19. f3 h5 20. Nh2 Raf8 21. Rf2 d5 22. exd5 exd5 23. Raf1 d4 24. cxd4 exd4 25. Bc1 Nde5 26. Rd1 Re7 27. Qe4 Qg7 28. f4 Nf7 29. Qd5 gxf4 30. Bxf4 Qg6 31. Nf3 Rd8 32. Qa2 Rdd7 33. Ng5 Kh8 34. Nxf7+ Rxf7 35. Qb3 Rde7 36. Rdf1 Kh7 37. Qd1 Rg7 38. Kh2 Ne5 39. Bxe5 Rxe5 40. Rf3 h4 41. g4 Qd6 42. Kg2 Qd5 43. Kh2 Qe6 44. R1f2 Re3 45. Kg2 Re7 46. Rf1 Re2+ 47. R1f2 Re3 48. Rf1 Qd5 49. Kh2 c5 50. R1f2 b5 51. b3 Qe5+ 52. Kg2 Kg7 53. Rf1 Re2+ 54. R1f2 Re1 55. Qd2 Re3 56. Qd1 Qd5 57. Kh2 Re1 58. Qc2 R7e3 59. Rf7+ Qxf7 60. Rxf7+ Kxf7 61. Qf2+ Kg7 62. Qc2 Kf7 63. Qf2+ Kg7 64. Qxh4 R1e2+ 65. Kg1 Re1+ 66. Kg2 R1e2+ 67. Kf1 Ra2 68. Qg5+ Kf7 69. Qxc5 Ra1+ 70. Kf2 Ra2+ 71. Kf1 Ra1+ 72. Kf2 Ra2+ 73. Kf1 Ra1+ 1/2-1/2

[Event "Sofia MGU op 164th"]
[Site "Sofia"]
[Date "2016.03.05"]
[Round "2"]
[White "Bozhkov, Stoil"]
[Black "Kosturkov, Krasimir"]
[Result "0-1"]
[WhiteElo "1488"]
[BlackElo "1621"]
[PlyCount "62"]
[EventDate "2016.03.05"]
[EventType "swiss"]
[EventRounds "6"]
[EventCountry "BUL"]
[SourceTitle "CBM 171 Extra"]
[Source "ChessBase"]
[SourceDate "2016.04.26"]
[SourceVersion "1"]
[SourceVersionDate "2016.04.26"]
[SourceQuality "1"]

1. e4 c5 2. c3 Nf6 3. e5 Nd5 4. d4 cxd4 5. cxd4 d6 6. Nf3 dxe5 7. dxe5 e6 8. Bc4 Bb4+ 9. Bd2 Nc6 10. Bxd5 Qxd5 11. Nc3 Bxc3 12. Bxc3 Ne7 13. 0-0 0-0 14. Qd4 Qxd4 15. Nxd4 a6 16. Bb4 Re8 17. Rac1 Ng6 18. f4 Rd8 19. Bd6 f6 20. Nxe6 Bxe6 21. f5 Bxf5 22. Rxf5 fxe5 23. Bxe5 Rd5 24. Rc7 Nxe5 25. Re7 Rd1+ 26. Kf2 Ng6 27. Rxb7 Rf8 28. Ke2 Rxf5 29. Kxd1 Rf2 30. Ra7 Rxb2 31. Rxa6 Rxg2 0-1

[Event "Teteven op 30th"]
[Site "Teteven"]
[Date "2015.08.13"]
[Round "5"]
[White "Kirsch, Martin"]
[Black "Kosturkov, Krasimir"]
[Result "0-1"]
[WhiteElo "1824"]
[BlackElo "1653"]
[PlyCount "72"]
[EventDate "2015.08.10"]
[EventType "swiss"]
[EventRounds "9"]
[EventCountry "BUL"]
[SourceTitle "CBM 167 Extra"]
[Source "ChessBase"]
[SourceDate "2015.09.14"]
[SourceVersion "1"]
[SourceVersionDate "2015.09.14"]
[SourceQuality "1"]

1. e4 c5 2. Nc3 e6 3. Bc4 a6 4. a3 b5 5. Bb3 Qg5 6. g3 Bb7 7. d3 Qg6 8. Nf3 d6 9. Be3 Nc6 10. Qd2 Qf6 11. Nh4 h6 12. 0-0-0 Nd4 13. Ba2 Ne7 14. f4 Nec6 15. Rdf1 b4 16. axb4 cxb4 17. Na4 Rc8 18. Kb1 Qd8 19. f5 Qa5 20. b3 e5 21. g4 Be7 22. Nf3 Nb5 23. Bb6 Na3+ 24. Kb2 Qb5 25. Rhg1 Nd4 26. Qe3 Naxc2 27. Qd2 Na3 28. Qe3 Rc2+ 29. Ka1 Nxf3 30. Rxf3 Rxh2 31. Bb1 Bg5 32. Qe1 0-0 33. Qd1 Rc8 34. Re1 Rd2 35. Qxd2 Bxd2 36. Rd1 Bc3+ 0-1

[Event "Teteven op 30th"]
[Site "Teteven"]
[Date "2015.08.12"]
[Round "4"]
[White "Kosturkov, Krasimir"]
[Black "Nikolova, Angelika"]
[Result "0-1"]
[WhiteElo "1653"]
[BlackElo "1098"]
[PlyCount "66"]
[EventDate "2015.08.10"]
[EventType "swiss"]
[EventRounds "9"]
[EventCountry "BUL"]
[SourceTitle "CBM 167 Extra"]
[Source "ChessBase"]
[SourceDate "2015.09.14"]
[SourceVersion "1"]
[SourceVersionDate "2015.09.14"]
[SourceQuality "1"]

1. e4 c5 2. f4 e6 3. Nf3 a6 4. c4 Nc6 5. Nc3 Qc7 6. d3 Nf6 7. h3 d6 8. Be3 Be7 9. Be2 0-0 10. 0-0 Rb8 11. g4 b5 12. cxb5 axb5 13. f5 exf5 14. g5 Nh5 15. Nd5 Qd7 16. Ne5 Nxe5 17. Bxh5 fxe4 18. dxe4 Bb7 19. Kg2 Nc4 20. Bc1 Bxd5 21. Qxd5 Bd8 22. Rd1 Re8 23. b3 Ne5 24. Qxd6 Qxd6 25. Rxd6 Ng6 26. Kf3 Nh4+ 27. Kf4 Bc7 28. e5 Bxd6 29. exd6 Rbd8 30. Kg4 Ng2 31. Kg3 Ne1 32. Bd2 Nc2 33. Rf1 g6 0-1

[Event "Teteven op 30th"]
[Site "Teteven"]
[Date "2015.08.10"]
[Round "1"]
[White "Tzolov, Emil"]
[Black "Kosturkov, Krasimir"]
[Result "1-0"]
[WhiteElo "2168"]
[BlackElo "1653"]
[PlyCount "55"]
[EventDate "2015.08.10"]
[EventType "swiss"]
[EventRounds "9"]
[EventCountry "BUL"]
[SourceTitle "CBM 167 Extra"]
[Source "ChessBase"]
[SourceDate "2015.09.14"]
[SourceVersion "1"]
[SourceVersionDate "2015.09.14"]
[SourceQuality "1"]

1. c4 Nf6 2. Nc3 e6 3. e4 c5 4. e5 Ng8 5. f4 d6 6. Nf3 Nc6 7. d4 cxd4 8. Nxd4 Qb6 9. Nxc6 Qxc6 10. exd6 Bxd6 11. Be3 a6 12. Qd4 Nf6 13. 0-0-0 Be7 14. Be2 0-0 15. Bf3 Qc7 16. c5 Bd7 17. g4 Bc6 18. Bxc6 Qxc6 19. g5 Rfd8 20. Qc4 b5 21. Qe2 Ne4 22. Qf3 Bxc5 23. Bd2 Rac8 24. Qxe4 Qxe4 25. Nxe4 Bb4+ 26. Bc3 Rxd1+ 27. Rxd1 Kf8 28. Rd4 1-0

[Event "Sofia MGU op 140th"]
[Site "Sofia"]
[Date "2015.03.21"]
[Round "2"]
[White "Kosturkov, Krasimir"]
[Black "Stoyanov, Georgi"]
[Result "1/2-1/2"]
[WhiteElo "1709"]
[BlackElo "1619"]
[PlyCount "95"]
[EventDate "2015.03.21"]
[EventType "swiss"]
[EventRounds "6"]
[EventCountry "BUL"]
[SourceTitle "CBM 165 Extra"]
[Source "ChessBase"]
[SourceDate "2015.04.21"]
[SourceVersion "1"]
[SourceVersionDate "2015.04.21"]
[SourceQuality "1"]

1. e4 d6 2. d4 Nf6 3. Nc3 g6 4. f4 Bg7 5. Nf3 Nc6 6. Bb5 a6 7. Bxc6+ bxc6 8. e5 Nd5 9. Ne4 Bf5 10. Qe2 0-0 11. 0-0 Qb8 12. a3 Qa7 13. c4 Nb6 14. Ng3 Be6 15. b3 Bd7 16. Be3 d5 17. c5 Nc8 18. h3 e6 19. Nh1 Ne7 20. g4 a5 21. Ng3 Rab8 22. Rab1 Bc8 23. Qc2 Bd7 24. Nh4 f5 25. exf6 Bxf6 26. Nf3 Qa6 27. Ne5 Bxe5 28. fxe5 Kg7 29. Rxf8 Rxf8 30. Qd2 Ng8 31. h4 Qb5 32. h5 a4 33. b4 Qb8 34. hxg6 hxg6 35. Kg2 Rf7 36. Rh1 Kf8 37. Rh8 Kg7 38. Rh3 Kf8 39. Bh6+ Nxh6 40. Qxh6+ Ke7 41. Qxg6 Qf8 42. Rh7 Rxh7 43. Qxh7+ Kd8 44. Qc2 Qf4 45. Qf2 Qxg4 46. Qf6+ Kc8 47. Qf2 Qd1 48. Qe3 1/2-1/2

[Event "Sofia MGU op 138th"]
[Site "Sofia"]
[Date "2015.03.07"]
[Round "1"]
[White "Kosturkov, Krasimir"]
[Black "Gelemerov, Yane"]
[Result "0-1"]
[WhiteElo "1709"]
[BlackElo "2059"]
[PlyCount "144"]
[EventDate "2015.03.07"]
[EventType "swiss"]
[EventRounds "6"]
[EventCountry "BUL"]
[SourceTitle "CBM 165 Extra"]
[Source "ChessBase"]
[SourceDate "2015.04.21"]
[SourceVersion "1"]
[SourceVersionDate "2015.04.21"]
[SourceQuality "1"]

1. e4 e5 2. Nc3 Bc5 3. Bc4 Nc6 4. d3 d6 5. f4 Nf6 6. Nf3 Bg4 7. h3 Bxf3 8. Qxf3 Nd4 9. Qg3 Nh5 10. Qg4 g6 11. Bb3 a6 12. fxe5 dxe5 13. Bh6 Nxb3 14. axb3 c6 15. 0-0-0 Qd7 16. Qxd7+ Kxd7 17. g4 Nf4 18. Kd2 Ke6 19. Rdf1 Bd6 20. Ne2 Nxe2 21. Kxe2 Be7 22. Be3 f6 23. Rf3 h5 24. Rg1 hxg4 25. hxg4 g5 26. c3 Rh2+ 27. Rf2 Rah8 28. Rgg2 Rh1 29. Rf1 R1h3 30. Rf3 R3h4 31. b4 Ra8 32. Bb6 Bd8 33. Bf2 Rh7 34. Rg1 a5 35. Ra1 a4 36. Bg3 b5 37. c4 Rha7 38. c5 a3 39. bxa3 Rxa3 40. Rxa3 Rxa3 41. Rf1 Ra2+ 42. Ke3 Rg2 43. Kf3 Rd2 44. Ke3 Rb2 45. Be1 Rh2 46. Kf3 Be7 47. Bc3 Rh3+ 48. Ke2 Rg3 49. Ra1 Rxg4 50. Ra6 Rg2+ 51. Kf3 Rc2 52. Be1 Kd7 53. Ra7+ Kd8 54. Ra6 Kd7 55. Ra7+ Kd8 56. Ra6 Bxc5 57. Rxc6 Bxb4 58. Rxc2 Bxe1 59. Rc6 Ke7 60. Rb6 b4 61. Kg4 Bc3 62. Kf5 Kd7 63. Rxf6 Kc7 64. Rf7+ Kc6 65. Rf8 Kc5 66. Rb8 Kd4 67. Rd8+ Ke3 68. Kxg5 b3 69. Rb8 b2 70. Kg4 Kxd3 71. Kf3 Kc2 72. Ke3 b1Q 0-1

[Event "Sofia MGU op 138th"]
[Site "Sofia"]
[Date "2015.03.07"]
[Round "3"]
[White "Kosturkov, Krasimir"]
[Black "Nikolov, Orlin"]
[Result "1-0"]
[WhiteElo "1709"]
[BlackElo "1847"]
[PlyCount "77"]
[EventDate "2015.03.07"]
[EventType "swiss"]
[EventRounds "6"]
[EventCountry "BUL"]
[SourceTitle "CBM 165 Extra"]
[Source "ChessBase"]
[SourceDate "2015.04.21"]
[SourceVersion "1"]
[SourceVersionDate "2015.04.21"]
[SourceQuality "1"]

1. e4 c5 2. f4 d5 3. exd5 Qxd5 4. Nc3 Qd8 5. Bb5+ Nc6 6. Bxc6+ bxc6 7. Nf3 Ba6 8. d3 Nf6 9. 0-0 e6 10. h3 c4 11. d4 c5 12. Be3 Qc7 13. Re1 Rd8 14. Qe2 cxd4 15. Nxd4 Bc5 16. Qf2 0-0 17. Rad1 Nd5 18. Nxd5 Rxd5 19. c3 Qa5 20. a3 Qb6 21. Rd2 Bb7 22. Kh1 e5 23. fxe5 Rxe5 24. Bf4 Rh5 25. Qg3 Rd5 26. Be5 Qg6 27. Qxg6 hxg6 28. Nf3 Rfd8 29. Red1 Rd3 30. Bd4 Bxd4 31. Nxd4 Rxd2 32. Rxd2 f5 33. Re2 Be4 34. Kg1 Kf7 35. Kf2 Rb8 36. g4 Kf6 37. h4 Ke5 38. Nc6+ Kf4 39. Nxb8 1-0

[Event "Sofia MGU op 137th"]
[Site "Sofia"]
[Date "2015.03.01"]
[Round "4"]
[White "Kosturkov, Krasimir"]
[Black "Slavejkov, Kristian"]
[Result "1/2-1/2"]
[WhiteElo "1700"]
[BlackElo "1729"]
[PlyCount "110"]
[EventDate "2015.02.28"]
[EventType "swiss"]
[EventRounds "6"]
[EventCountry "BUL"]
[SourceTitle "CBM 165 Extra"]
[Source "ChessBase"]
[SourceDate "2015.04.21"]
[SourceVersion "1"]
[SourceVersionDate "2015.04.21"]
[SourceQuality "1"]

1. e4 c5 2. f4 Nc6 3. Nf3 d6 4. Bb5 Bd7 5. c4 g6 6. 0-0 Bg7 7. d3 Nf6 8. Nc3 0-0 9. h3 Qc7 10. Be3 a6 11. Ba4 Rad8 12. Rb1 Nb4 13. Bxd7 Rxd7 14. a3 Nc6 15. Nd5 Nxd5 16. exd5 Na7 17. Re1 b5 18. Qc2 Rb8 19. b4 bxc4 20. dxc4 cxb4 21. axb4 Nb5 22. Qd3 Nc3 23. Rb3 Na4 24. Nd4 Qb7 25. Nc6 Rc8 26. Reb1 Rdc7 27. c5 Rxc6 28. dxc6 Qxc6 29. cxd6 Qxd6 30. Qxd6 exd6 31. Rd3 Nc3 32. Re1 Nb5 33. Bd2 Bf6 34. Rc1 Rxc1+ 35. Bxc1 Kf8 36. Kf1 Ke7 37. g4 Kd7 38. Bd2 Ke6 39. Re3+ Kd7 40. Re2 Nd4 41. Re4 d5 42. Re3 Nb5 43. Rf3 Be7 44. f5 Nd6 45. fxg6 fxg6 46. Be1 Kc6 47. Ra3 Kb7 48. Re3 Ne4 49. Kg2 Bg5 50. Rd3 Kc6 51. h4 Bd8 52. Kf3 Bc7 53. Ra3 Kb5 54. Rd3 Kc4 55. Ra3 Kb5 1/2-1/2

[Event "Sofia MGU op 128th"]
[Site "Sofia"]
[Date "2014.12.07"]
[Round "4"]
[White "Georgiev, Nikolay"]
[Black "Kosturkov, Krasimir"]
[Result "0-1"]
[WhiteElo "1640"]
[BlackElo "1769"]
[PlyCount "72"]
[EventDate "2014.12.06"]
[EventType "swiss"]
[EventRounds "6"]
[EventCountry "BUL"]
[SourceTitle "CBM 163 Extra"]
[Source "ChessBase"]
[SourceDate "2014.12.23"]
[SourceVersion "1"]
[SourceVersionDate "2014.12.23"]
[SourceQuality "1"]

1. e4 c5 2. Nf3 Nc6 3. Nc3 Nf6 4. Bc4 e6 5. d4 cxd4 6. Nxd4 a6 7. Nxc6 bxc6 8. e5 Nd5 9. Ne4 Qc7 10. Nd6+ Bxd6 11. exd6 Qxd6 12. 0-0 0-0 13. Bd3 Qb4 14. b3 Nf4 15. a4 Re8 16. Bd2 Qb8 17. Qf3 Nxd3 18. Qxd3 a5 19. Bc3 e5 20. Qg3 f6 21. Rae1 Ba6 22. f4 Bxf1 23. Kxf1 exf4 24. Rxe8+ Qxe8 25. Qxf4 Qe6 26. Qc7 Re8 27. Qxa5 Qe2+ 28. Kg1 Qd1+ 29. Kf2 Qxc2+ 30. Bd2 Qxb3 31. Qa7 Qd3 32. Be3 Qf5+ 33. Kg1 Qb1+ 34. Kf2 Qc2+ 35. Kg1 Qe2 36. Qxd7 Qe1# 0-1

[Event "Sofia MGU op 128th"]
[Site "Sofia"]
[Date "2014.12.07"]
[Round "6"]
[White "Kosturkov, Krasimir"]
[Black "Georgiev, Konstantin"]
[Result "1-0"]
[WhiteElo "1769"]
[BlackElo "1497"]
[PlyCount "89"]
[EventDate "2014.12.06"]
[EventType "swiss"]
[EventRounds "6"]
[EventCountry "BUL"]
[SourceTitle "CBM 163 Extra"]
[Source "ChessBase"]
[SourceDate "2014.12.23"]
[SourceVersion "1"]
[SourceVersionDate "2014.12.23"]
[SourceQuality "1"]

1. e4 c5 2. f4 Nc6 3. Nf3 e6 4. c4 Nge7 5. Nc3 Qc7 6. e5 Nf5 7. g4 Nfd4 8. Ne4 Nxf3+ 9. Qxf3 Nd4 10. Qc3 d5 11. exd6 Bxd6 12. Nxd6+ Qxd6 13. d3 Nf3+ 14. Kd1 e5 15. fxe5 Nxe5 16. h3 b6 17. Bf4 f6 18. Bg2 Rb8 19. Re1 0-0 20. Bxe5 fxe5 21. Bd5+ Kh8 22. Qxe5 Qxe5 23. Rxe5 Bb7 24. Bxb7 Rxb7 25. Kd2 Rd7 26. Rae1 h6 27. Re7 Rfd8 28. Rxd7 Rxd7 29. Re4 a6 30. Ke3 Kh7 31. d4 cxd4+ 32. Rxd4 Re7+ 33. Re4 Rc7 34. b3 b5 35. Kd4 bxc4 36. bxc4 a5 37. Re5 Ra7 38. Kc5 a4 39. Kb6 Rd7 40. c5 Rd2 41. c6 Rxa2 42. c7 Rb2+ 43. Kc6 a3 44. c8Q a2 45. Qf5+ 1-0

[Event "Sofia MGU op 128th"]
[Site "Sofia"]
[Date "2014.12.06"]
[Round "3"]
[White "Kosturkov, Krasimir"]
[Black "Metev, Martin"]
[Result "0-1"]
[WhiteElo "1769"]
[BlackElo "2009"]
[PlyCount "66"]
[EventDate "2014.12.06"]
[EventType "swiss"]
[EventRounds "6"]
[EventCountry "BUL"]
[SourceTitle "CBM 163 Extra"]
[Source "ChessBase"]
[SourceDate "2014.12.23"]
[SourceVersion "1"]
[SourceVersionDate "2014.12.23"]
[SourceQuality "1"]

1. Nf3 d5 2. d4 e6 3. g3 Nf6 4. c3 c5 5. Bg2 Nc6 6. 0-0 Be7 7. Nbd2 0-0 8. Re1 Ne4 9. Nxe4 dxe4 10. Nd2 f5 11. dxc5 Bxc5 12. Nf1 Qb6 13. e3 Ne5 14. b4 Be7 15. Qb3 Bd7 16. Nd2 Rac8 17. a4 Qc7 18. Bb2 Nd3 19. c4 Nxe1 20. Rxe1 Bf6 21. Ba3 Rfd8 22. Rd1 Kf7 23. c5 Bc6 24. Qc2 Rd3 25. Nc4 Bd5 26. Rxd3 exd3 27. Qxd3 Bxc4 28. Qxc4 Qd7 29. Qc2 Rd8 30. Bf1 Qd1 31. Qxd1 Rxd1 32. b5 Ra1 33. Bb4 Rxa4 0-1

[Event "Sofia MGU op 125th"]
[Site "Sofia"]
[Date "2014.11.16"]
[Round "5"]
[White "Kosturkov, Krasimir"]
[Black "Georgiev, Nikolay"]
[Result "1-0"]
[WhiteElo "1756"]
[BlackElo "1654"]
[PlyCount "37"]
[EventDate "2014.11.15"]
[EventType "swiss"]
[EventRounds "6"]
[EventCountry "BUL"]
[SourceTitle "EXT 2015"]
[Source "ChessBase"]
[SourceDate "2014.11.20"]
[SourceVersion "1"]
[SourceVersionDate "2014.11.20"]
[SourceQuality "1"]

1. e4 e5 2. Nc3 Nc6 3. Bc4 Bc5 4. d3 d6 5. Na4 Bb6 6. Nxb6 axb6 7. a3 Nf6 8. f4 Be6 9. Bxe6 fxe6 10. Nf3 0-0 11. 0-0 Qd7 12. fxe5 dxe5 13. h3 b5 14. Be3 b6 15. Qd2 Qd6 16. Qc3 b4 17. axb4 Qxb4 18. Qxc6 Qxb2 19. Rxa8 1-0

[Event "Sofia MGU op 125th"]
[Site "Sofia"]
[Date "2014.11.15"]
[Round "2"]
[White "Georgiev, Konstantin"]
[Black "Kosturkov, Krasimir"]
[Result "1/2-1/2"]
[WhiteElo "1948"]
[BlackElo "1756"]
[PlyCount "98"]
[EventDate "2014.11.15"]
[EventType "swiss"]
[EventRounds "6"]
[EventCountry "BUL"]
[SourceTitle "EXT 2015"]
[Source "ChessBase"]
[SourceDate "2014.11.20"]
[SourceVersion "1"]
[SourceVersionDate "2014.11.20"]
[SourceQuality "1"]

1. e4 c5 2. Nf3 Nc6 3. c3 Nf6 4. e5 Nd5 5. Bc4 e6 6. 0-0 d6 7. d4 cxd4 8. cxd4 dxe5 9. dxe5 Nb6 10. Qxd8+ Nxd8 11. Bb5+ Bd7 12. Nc3 a6 13. Bxd7+ Nxd7 14. Rd1 Nc6 15. Bf4 0-0-0 16. Rd2 Be7 17. Rc1 Nb6 18. Rcd1 Rxd2 19. Rxd2 Rd8 20. Rxd8+ Bxd8 21. Ne4 Be7 22. Nfg5 Nc4 23. Nxf7 Nxb2 24. Nfd6+ Kc7 25. Ne8+ Kd7 26. Nxg7 Nd3 27. Bg5 Ndxe5 28. Nf6+ Bxf6 29. Bxf6 Ng6 30. g3 Nce7 31. h4 Ng8 32. Bb2 Ke7 33. Nh5 Kf7 34. Kg2 N6e7 35. Nf4 Nf6 36. f3 Ned5 37. Nxd5 Nxd5 38. Bd4 b5 39. a3 a5 40. Kf1 b4 41. axb4 axb4 42. Ke2 Ke8 43. Kd3 Kd7 44. Kc4 Kc6 45. f4 h5 46. Bc5 b3 47. Bd4 Ne3+ 48. Kxb3 Nf5 49. Bf2 Kd5 1/2-1/2

[Event "Sofia MGU op 125th"]
[Site "Sofia"]
[Date "2014.11.15"]
[Round "3"]
[White "Kosturkov, Krasimir"]
[Black "Mustedjeb, Anher"]
[Result "1-0"]
[WhiteElo "1756"]
[BlackElo "1742"]
[PlyCount "73"]
[EventDate "2014.11.15"]
[EventType "swiss"]
[EventRounds "6"]
[EventCountry "BUL"]
[SourceTitle "EXT 2015"]
[Source "ChessBase"]
[SourceDate "2014.11.20"]
[SourceVersion "1"]
[SourceVersionDate "2014.11.20"]
[SourceQuality "1"]

1. e4 e5 2. Nc3 Nc6 3. Bc4 Bc5 4. d3 h6 5. f4 Bxg1 6. Rxg1 d6 7. g3 h5 8. f5 g6 9. Qf3 Nd4 10. Qf2 gxf5 11. Be3 c5 12. 0-0-0 Nf6 13. Bg5 Rg8 14. h4 Ng4 15. Qf1 f6 16. Bxg8 fxg5 17. exf5 Ne3 18. Qe1 Nxd1 19. Qxd1 g4 20. Rf1 Nf3 21. Bd5 Bxf5 22. Bxf3 gxf3 23. Qxf3 Be6 24. Qxh5+ Kd7 25. Qh7+ Qe7 26. Qe4 Rb8 27. Nd5 Qd8 28. Qh7+ Kc6 29. Ne7+ Kb6 30. c4 Ka6 31. Rf6 Qd7 32. Qg6 Qxe7 33. Rxe6 Qf8 34. Rxd6+ b6 35. Qf6 Qxf6 36. Rxf6 Rg8 37. Rf3 1-0

[Event "Sofia MGU op 93rd"]
[Site "Sofia"]
[Date "2013.10.13"]
[Round "4"]
[White "Kosturkov, Krasimir"]
[Black "Punchev, Ivan"]
[Result "1/2-1/2"]
[WhiteElo "1906"]
[BlackElo "1659"]
[PlyCount "65"]
[EventDate "2013.10.12"]
[EventType "swiss"]
[EventRounds "6"]
[EventCountry "BUL"]
[SourceTitle "EXT 2014"]
[Source "ChessBase"]
[SourceDate "2013.11.20"]
[SourceVersion "1"]
[SourceVersionDate "2013.11.20"]
[SourceQuality "1"]

1. e4 c5 2. Nf3 e6 3. d4 cxd4 4. Nxd4 a6 5. g3 Bc5 6. Be3 Qb6 7. Nb3 Bxe3 8. fxe3 Qxe3+ 9. Qe2 Qg5 10. Bg2 Ne7 11. 0-0 0-0 12. Nc3 Nbc6 13. Rad1 Ne5 14. Kh1 b5 15. a3 Bb7 16. Nd2 d5 17. exd5 Bxd5 18. Nxd5 exd5 19. Nf3 Nxf3 20. Bxf3 Rfe8 21. Qd2 Qg6 22. Bxd5 Nxd5 23. Qxd5 h6 24. Rd2 Rad8 25. Qg2 Qg4 26. Rxd8 Rxd8 27. Qf2 Qh5 28. Re1 Qd5+ 29. Kg1 Qg5 30. c3 Rd2 31. Re2 Rd1+ 32. Re1 Rd2 33. Re2 1/2-1/2

[Event "Sofia MGU op 93rd"]
[Site "Sofia"]
[Date "2013.10.12"]
[Round "2"]
[White "Kosturkov, Krasimir"]
[Black "Gelemerov, Yane"]
[Result "1/2-1/2"]
[WhiteElo "1906"]
[BlackElo "2084"]
[PlyCount "122"]
[EventDate "2013.10.12"]
[EventType "swiss"]
[EventRounds "6"]
[EventCountry "BUL"]
[SourceTitle "EXT 2014"]
[Source "ChessBase"]
[SourceDate "2013.11.20"]
[SourceVersion "1"]
[SourceVersionDate "2013.11.20"]
[SourceQuality "1"]

1. e4 e5 2. Nf3 Nc6 3. Bb5 Bc5 4. 0-0 Nd4 5. Nxd4 Bxd4 6. c3 Bb6 7. d4 c6 8. Ba4 d6 9. Be3 Qe7 10. Re1 Nf6 11. f3 0-0 12. Nd2 Nh5 13. Kh1 Qf6 14. Nf1 Be6 15. Qd2 h6 16. dxe5 dxe5 17. Bxb6 axb6 18. Bb3 Nf4 19. Red1 Bxb3 20. axb3 Rxa1 21. Rxa1 Rd8 22. Qc2 Qd6 23. g3 Ne6 24. Kg2 g6 25. b4 Kg7 26. Kf2 c5 27. bxc5 bxc5 28. Ke2 Qb6 29. Ne3 Qb5+ 30. Kf2 Rd3 31. Rd1 Rxd1 32. Nxd1 c4 33. Ke2 Nc5 34. Nf2 Na4 35. Nd1 h5 36. h4 Kf8 37. Ke1 Ke7 38. Ke2 Kd8 39. Qd2+ Kc7 40. Qc2 Kb6 41. Qd2 Ka6 42. Qd6+ Ka7 43. Qa3 Qd7 44. Nf2 b5 45. b3 cxb3 46. Qxb3 Qc7 47. Nd1 Kb6 48. Qb4 f5 49. exf5 gxf5 50. g4 hxg4 51. fxg4 fxg4 52. Qxg4 Nxc3+ 53. Nxc3 Qxc3 54. h5 b4 55. h6 Qc2+ 56. Kf3 b3 57. Qe6+ Qc6+ 58. Qxc6+ Kxc6 59. h7 b2 60. h8Q e4+ 61. Kxe4 b1Q+ 1/2-1/2